Múltunk íratlan lírája az archaikus népi imádságműfaj háttérvilága

Bibliographic Details
Main Author: Erdélyi, Zsuzsanna, 1921-2015 (Author)
Format: Book
Language:Hungarian
Published: Pozsony Kalligram 2015
Subjects:

MARC

LEADER 00000cam a2200000 a 4500
001 vtls010863333
003 SK-MaSNL
005 20260301175418.0
008 240318s2015 xo ha g n 000 0dhun
015 |a SNBA2015/09 
015 |a SNBSAB2015 
020 |a 9788081018930  |q (viaz.) 
035 |a 9EBCFA60-3E3B-4F51-A741-F616784E55B7 
035 |a urn:nbn:sk:snk-amkde5 
035 |a urn:nbn:sk:snk-am008emm 
040 |a SNK  |b slo  |c SNK  |e AACR2 
041 0 |a hun 
044 |a xo  |c SK 
072 7 |a 398  |x Folklór  |2 konspekt 
080 |a 398  |2 2001 
080 |a (=511.141)  |2 2001 
080 |a (048.8)  |2 2001 
080 |a 81'373.44  |2 2001 
080 |a 27-534.35  |2 2001 
080 |a 39  |2 2001 
080 |a 012  |2 2001 
100 1 |a Erdélyi, Zsuzsanna,  |d 1921-2015  |4 aut  |9 161000 
245 1 0 |a Múltunk íratlan lírája  |b az archaikus népi imádságműfaj háttérvilága  |c Erdélyi Zsuzsanna 
246 3 0 |a Archaikus népi imádságműfaj háttérvilága 
260 |a Pozsony  |b Kalligram  |c 2015 
300 |a 1125 s.  |b ilustr., faks., noty  |c 25 cm 
336 |a text  |b txt  |2 marccontent 
337 |a bez média  |b n  |2 marcmedia 
338 |a zväzok  |b nc  |2 marccarrier 
500 |a Tir. aj slov. 
500 |a Biogr. údaje 
504 |a Bibliogr.: s. 1111-1113 ; personálna bibliogr. autorky: s. 1114-1125 
650 0 7 |a ľudová slovesnosť  |2 SNKPH  |9 67005 
650 0 7 |a Maďari  |2 SNKPH  |9 18097 
650 0 7 |a Folk literature  |2 SNKPHeng  |9 286206 
650 0 7 |a archaizmy  |2 SNKPH  |9 24628 
650 0 7 |a Archaisms  |2 SNKPHeng  |9 289532 
650 0 7 |a kresťanské modlitby  |x etnografické aspekty  |2 SNKPH  |9 549201 
650 0 7 |a Christian prayers  |x ethnographical aspects  |2 SNKPHeng  |9 549202 
650 0 7 |a Hungarians  |2 SNKPHeng  |9 266397 
655 7 |a monografie  |2 SNKPH  |9 70139 
655 7 |a Monographs  |2 SNKPHeng  |9 120675 
655 7 |a bibliografie  |2 SNKPH  |9 28668 
655 7 |a Bibliografies  |2 SNKPHeng  |9 484483 
752 |a Slovensko  |d Bratislava 
852 |a Štátna vedecká knižnica v Banskej Bystrici 
919 |a 978-80-8101-893-0 
958 |a NB 
958 |a HU 
958 |a NM 
958 |a PB 
999 |c 842921  |d 844851 
952 |a SNK  |b SNK  |y PREZ  |7 0  |p 17A1170466  |o snkSC 166028  |i snk2015/25257  |8 0  |0 0  |1 0  |4 0  |d 2015-08-25  |f 1  |l 0  |r 2026-02-24 04:17:01  |w 2026-02-24 
952 |a SNK  |b SNK  |y VYP  |7 0  |p 17A1170467  |o snkSC 166028 D1  |i snk2015/25258  |8 0  |0 0  |1 0  |4 0  |d 2015-08-25  |l 0  |r 2026-02-24 04:17:01  |w 2026-02-24